[Event "Let's March"]
[Site "SchemingMind.com"]
[Date "2017.03.14"]
[Round "-"]
[White "Chessibelle"]
[Black "Iucounu"]
[Result "0-1"]
[WhiteCountry "ENG"]
[BlackCountry "ENG"]
[WhiteElo "1106"]
[WhiteRD "57"]
[BlackElo "1534"]
[BlackRD "81"]
[GameID "411810"]

1. e4 Nf6 2. Nc3 d5 3. f3 d4 4. Nce2 e5 5. d3 Bb4+ 6. Bd2 Qe7 7. c3 dxc3 8. bxc3 Ba5 9. Qa4+ Nc6 10. g4 Bb6
11. Bg2 O-O 12. Nc1 Qc5 13. Qc2 Qf2+ 14. Kd1 Qxg2 15. Nce2 Qxh1 16. Kc1 Bxg1 17. Kb2 Qxf3 18. Nxg1 Qxg4 19. Re1 Qe6 20. Nf3 Qd6
21. Kc1 Qa3+ 22. Kd1 Bg4 23. Rf1 b5 24. Bc1 Bxf3+ 25. Rxf3 Qd6 26. Rg3 g6 27. Qd2 Nh5 28. Rg1 Rad8 29. Ke2 Nf4+ 30. Ke3 Qxd3+
31. Kf2 Nh3+ 32. Kg2 Nxg1 33. Kxg1 Qxd2
0-1

[Event "Let's March"]
[Site "SchemingMind.com"]
[Date "2017.03.15"]
[Round "-"]
[White "Chessibelle"]
[Black "Wojtek26"]
[Result "0-1"]
[WhiteCountry "ENG"]
[BlackCountry "POL"]
[WhiteElo "1106"]
[WhiteRD "61"]
[BlackElo "1580"]
[BlackRD "50"]
[GameID "411811"]

1. e4 e5 2. Nc3 Nf6 3. d3 Bb4 4. Bd2 O-O 5. Nf3 Nc6 6. Be2 h6 7. O-O d6 8. a3 Bxc3 9. Bxc3 Be6 10. Re1 a6
11. b4 Ne7 12. Qc1 Ng6 13. Qe3 b6 14. h3 c5 15. Bb2 Nf4 16. Bf1 N6h5 17. g4 Nf6 18. c3 h5 19. g5 Nh7 20. h4 Bg4
21. d4 Bxf3 22. Qxf3 Ng6 23. Qxh5 Nf4 24. Qg4 cxb4 25. cxb4 Ng6 26. Bc1 exd4 27. Qd1 f6 28. f4 fxg5 29. fxg5 Nxh4 30. Be2 Nxg5
31. Bg4 Ngf3+ 32. Bxf3 Nxf3+ 33. Kf2 Nxe1+ 34. Kxe1 Qh4+ 35. Kd2 Rf2+ 36. Kd3 Qg3+ 37. Kxd4 Qe5+ 38. Kd3 Qxa1 39. Qe1 Raf8 40. Qd1 R8f3+
41. Kc4 Qc3+ 42. Kd5 Rd3+ 43. Ke6 Rxd1
0-1

[Event "Let's March"]
[Site "SchemingMind.com"]
[Date "2017.03.15"]
[Round "-"]
[White "Wojtek26"]
[Black "Chessibelle"]
[Result "1-0"]
[WhiteCountry "POL"]
[BlackCountry "ENG"]
[WhiteElo "1580"]
[WhiteRD "50"]
[BlackElo "1106"]
[BlackRD "61"]
[GameID "411812"]

1. d4 d5 2. c4 Nf6 3. e3 Nc6 4. Nf3 e6 5. Bd3 Be7 6. O-O O-O 7. a3 Bd7 8. b4 a6 9. Nbd2 g6 10. c5 b6
11. Ne5 a5 12. Nxd7 Qxd7 13. b5 Na7 14. c6 Qd6 15. a4 h5 16. Nf3 Qd8 17. Ne5 Re8 18. Ba3 Nc8 19. Qf3 Bd6 20. Bxd6 Nxd6
21. Qg3 Kf8 22. f3 Ke7 23. Qg5 Qc8 24. Bxg6 Rg8 25. e4 Qf8 26. exd5 Rg7 27. Nd7 Qg8 28. Nxf6 Qh8 29. Nxh5+ Kf8 30. Qf6 Kg8
31. Nxg7 Rf8 32. Nh5 Qh6 33. Qf4 fxg6 34. Qxh6 Nf5 35. Qxg6+
1-0

[Event "Let's March"]
[Site "SchemingMind.com"]
[Date "2017.03.14"]
[Round "-"]
[White "Chessibelle"]
[Black "Nicola85"]
[Result "1-0"]
[WhiteCountry "ENG"]
[BlackCountry "ITA"]
[WhiteElo "1181"]
[WhiteRD "66"]
[BlackElo "1286"]
[BlackRD "82"]
[GameID "411813"]

1. e4 e5 2. Nc3 Nf6 3. Nf3 Nc6 4. d3 Bb4 5. Bd2 d6 6. Be2 O-O 7. O-O h6 8. h3 a6 9. a3 Bc5 10. b4 Ba7
11. g4 Nd4 12. Nd5 Nxd5 13. c3 Nxe2+ 14. Qxe2 Ne7 15. d4 exd4 16. Nxd4 Bxd4 17. cxd4 Bd7 18. f4 Bb5 19. Qf2 Bxf1 20. Rxf1 Rc8
21. e5 dxe5 22. fxe5 Qd5 23. Kh2 b6 24. Be3 c5 25. h4 cxd4 26. Bxd4 Nc6 27. Bb2 Nxe5 28. Qf5 Qd2+ 29. Rf2 Nxg4+ 30. Kg3 Nxf2
31. Qe5 Nh1+ 32. Kg4
1-0

[Event "Let's March"]
[Site "SchemingMind.com"]
[Date "2017.03.14"]
[Round "-"]
[White "Nicola85"]
[Black "Chessibelle"]
[Result "0-1"]
[WhiteCountry "ITA"]
[BlackCountry "ENG"]
[WhiteElo "1286"]
[WhiteRD "82"]
[BlackElo "1181"]
[BlackRD "66"]
[GameID "411814"]

1. d4 d5 2. c4 e6 3. Nc3 dxc4 4. e4 Ne7 5. Bxc4 g6 6. Nf3 Bg7 7. O-O O-O 8. Bf4 Nbc6 9. e5 f6 10. exf6 Bxf6
11. Bh6 Bg7 12. Bxg7 Kxg7 13. Re1 Nf5 14. d5 Nb4 15. dxe6 Qe7 16. a3 Nc6 17. Nd5 Bxe6 18. Nxe7 Nfxe7 19. Bxe6 Rad8 20. Qc2 Rf6
21. Ba2 a6 22. Rad1 b5 23. Rxd8 Nxd8 24. Rxe7+ Kf8 25. Rxh7 Rc6 26. Rh8+ Kg7 27. Rg8+ Kh7 28. Ng5+ Kh6 29. Qd2 Kh5
0-1